[Event "2024 National Middle School Championship"]
[Site "Atlanta, Georgia, United States"]
[Date "2024.05.10"]
[Round "2.20"]
[White "Guevara, Michael"]
[Black "Lowe, Ashton Brooks"]
[Result "0-1"]
[TimeControl "G/90;d10"]
[WhiteElo "698"]
[BlackElo "565"]

1. e4 {[%clk 01:30:00]} e5 {[%clk 01:30:00]} {[%emt 00:00:02]} 2. Nf3 {[%clk
01:30:00]} {[%emt 00:00:02]} Nf6 {[%clk 01:30:00]} {[%emt 00:00:02]} 3. Bc4
{[%clk 01:30:00]} {[%emt 00:00:02]} d5 {[%emt 00:00:21]} 4. exd5 {[%clk
01:29:55]} {[%emt 00:00:13]} Nxd5 {[%clk 01:29:52]} {[%emt 00:00:03]} 5. Nxe5
{[%clk 01:29:55]} {[%emt 00:00:03]} Be6 {[%clk 01:29:52]} {[%emt 00:00:10]} 6.
d3 {[%clk 01:29:49]} {[%emt 00:00:16]} Bd6 {[%clk 01:29:52]} {[%emt 00:00:05]}
7. Nf3 {[%clk 01:29:40]} {[%emt 00:00:19]} O-O {[%clk 01:29:52]} {[%emt
00:00:03]} 8. O-O {[%clk 01:29:40]} {[%emt 00:00:02]} Bg4 {[%clk 01:29:52]}
{[%emt 00:00:05]} 9. Bxd5 {[%clk 01:29:35]} {[%emt 00:00:14]} c6 {[%clk
01:29:43]} {[%emt 00:00:19]} 10. Bxf7+ {[%clk 01:28:52]} {[%emt 00:00:54]} Rxf7
{[%clk 01:29:37]} {[%emt 00:00:15]} 11. h3 {[%clk 01:28:52]} {[%emt 00:00:11]}
Bxf3 {[%clk 01:29:37]} {[%emt 00:00:07]} 12. gxf3 {[%clk 01:28:52]} {[%emt
00:00:02]} c5 {[%clk 01:29:30]} {[%emt 00:00:17]} 13. Nc3 {[%clk 01:28:49]}
{[%emt 00:00:13]} Rf8 {[%clk 01:29:12]} {[%emt 00:00:29]} 14. Ne4 {[%clk
01:28:37]} {[%emt 00:00:21]} Bc7 {[%clk 01:29:04]} {[%emt 00:00:18]} 15. Nxc5
{[%clk 01:28:37]} {[%emt 00:00:08]} Qd6 {[%clk 01:29:04]} {[%emt 00:00:02]} 16.
Be3 {[%clk 01:28:15]} {[%emt 00:00:33]} Qh2# {[%emt 00:00:16]} 0-1